Word Ladder: Table Tennis Quiz Stats

Quiz Updated Oct 27, 2012

Challenge
Share
Tweet
Embed
Score 0/22 Timer 02:00
0 Plays Today
Clue 4-Letter Word % Correct
_____ coladaPIÑA
98.2%
Santa will bring you a lump of this if you're badCOAL
93.8%
SNL's FeyTINA
93%
You can swim in thisPOOL
92.4%
It often forms bathroom floorsTILE
92.2%
Not warmCOOL
91.5%
Pay to get someone out of jailBAIL
89.8%
★ Table tennis, with last rung ★★ PING ★
89.5%
Simpsons sonBART
89.5%
Form of oral medicationPILL
88.6%
To record votesPOLL
87%
Clue 4-Letter Word % Correct
Pointy part of a forkTINE
86.8%
Baby horseFOAL
86.4%
To make land ready for farmingTILL
86.1%
Not the wholePART
85.7%
★ Table tennis, with first rung ★★ PONG ★
85.5%
Soup containerBOWL
85.5%
Game birdFOWL
81.3%
Word that goes with tackle or switchBAIT
80.1%
It covers one leg?PANT
75.9%
Shout or wailBAWL
75.8%
Sharp painPANG
70.5%

Today's Daily Dose

Missing Word
Jazz Songs 'C'

On This Day
January 18th

You're not logged in!

Compare scores with friends on all Sporcle quizzes.
Sign Up with Email
OR
Log In

You Might Also Like...

Show Comments

Extras

Top Quizzes Today


Score Distribution

Your Account Isn't Verified!

In order to create a playlist on Sporcle, you need to verify the email address you used during registration. Go to your Sporcle Settings to finish the process.